| 000 | 01221cam a2200289 a 4500 | ||
|---|---|---|---|
| 001 | 2616718 | ||
| 003 | GBCCL | ||
| 005 | 20241126110358.0 | ||
| 008 | 980915s1999 miuab b 000 0 eng | ||
| 010 | _a 98037771 | ||
| 020 | _a0802844960 (pbk. : alk. paper) | ||
| 040 |
_aDLC _cDLC _dDLC |
||
| 050 | 0 | 0 |
_aBX9422.2 _b.R44 1999 |
| 082 | 0 | 0 |
_a284.2 _221 _bREF |
| 245 | 0 | 4 |
_aThe Reformed family worldwide : _ba survey of Reformed Churches, theological schools, and international organizations / _ccompiled and edited by Jean-Jacques Bauswein and Lukas Vischer. |
| 260 |
_aGrand Rapids, Mich. : _bW.B. Eerdmans, _cc1999. |
||
| 300 |
_axiii, 740 p. : _bill., maps ; _c24 cm. |
||
| 500 | _a"A project of the International Reformed Center John Knox, Geneva, Switzerland. | ||
| 504 | _aIncludes bibliographical references. | ||
| 650 | 0 |
_aReformed Church. _92526 |
|
| 700 | 1 |
_aBauswein, Jean-Jacques. _92527 |
|
| 700 | 1 |
_aVischer, Lukas. _92528 |
|
| 710 | 2 |
_aInternational Reformed Center John Knox. _92529 |
|
| 906 |
_a7 _bcbc _corignew _d1 _eocip _f19 _gy-gencatlg |
||
| 942 |
_2ddc _cBK |
||
| 999 |
_c1303 _d1303 |
||